000
00234 a2200097 4500
001
41428
100
_a
245
_a
The concise oxford dictionary of current English
260
_a
London
_b
Oxford University
_c
090
_c
25601
_d
25601
942
_a
NUST-CAE
_c
M
_c
17338
999
_c
276501
_d
276501